000 00415nam a22001697a 4500
005 20180312143445.0
008 160620b xxu||||| |||| 00| 0 eng d
020 _a978-81-203-203-2127-7
041 _aeng
082 _b8350
_a332.6
100 _aAlexander, Gorden J and others
_92281
245 _aFundamentals of Investments
260 _bPHI
_c2007
300 _a691
650 _aManagement
_9241
942 _cBK
999 _c3192
_d3191